[Event "Grand Swiss "]
[Date "2025.09.08"]
[White "Sadhwani, Raunak"]
[Black "Kuzubov, Yuriy"]
[WhiteElo "2658"]
[BlackElo "2600"]
[Round "5.5.29"]
[Result "1/2-1/2"]

1. d4 {[%clk 01:40:58] [%emt 00:00:02]} Nf6 {[%clk 01:40:35] [%emt 00:00:25]} 2.
c4 {[%clk 01:41:23] [%emt 00:00:06]} e6 {[%clk 01:41:00] [%emt 00:00:05]} 3. Nc3
{[%clk 01:41:49] [%emt 00:00:04]} d5 {[%clk 01:41:13] [%emt 00:00:16]} 4. cxd5
{[%clk 01:42:04] [%emt 00:00:15]} exd5 {[%clk 01:41:36] [%emt 00:00:07]} 5. Bg5
{[%clk 01:42:30] [%emt 00:00:05]} c6 {[%clk 01:40:46] [%emt 00:01:20]} 6. e3
{[%clk 01:42:54] [%emt 00:00:06]} Be7 {[%clk 01:41:08] [%emt 00:00:08]} 7. Bd3
{[%clk 01:43:17] [%emt 00:00:07]} Nbd7 {[%clk 01:41:21] [%emt 00:00:16]} 8. Qc2
{[%clk 01:40:55] [%emt 00:02:52]} O-O {[%clk 01:36:01] [%emt 00:05:50]} 9. Nf3
{[%clk 01:37:52] [%emt 00:03:33]} Re8 {[%clk 01:35:22] [%emt 00:01:09]} 10. O-O
{[%clk 01:30:34] [%emt 00:07:49]} Nf8 {[%clk 01:26:35] [%emt 00:09:16]} 11. h3
{[%clk 01:25:10] [%emt 00:05:53]} Be6 {[%clk 01:13:13] [%emt 00:13:52]} 12. Bf4
{[%clk 01:08:29] [%emt 00:17:11]} N6d7 {[%clk 00:58:29] [%emt 00:15:14]} 13.
Rab1 {[%clk 01:04:23] [%emt 00:04:37]} a5 {[%clk 00:55:44] [%emt 00:03:14]} 14.
a3 {[%clk 01:01:19] [%emt 00:03:34]} Rc8 {[%clk 00:51:26] [%emt 00:04:48]} 15.
Rfc1 {[%clk 01:00:14] [%emt 00:01:35]} b5 {[%clk 00:44:10] [%emt 00:07:47]} 16.
a4 {[%clk 00:54:20] [%emt 00:06:24]} b4 {[%clk 00:43:40] [%emt 00:00:59]} 17.
Ne2 {[%clk 00:54:44] [%emt 00:00:06]} Qb6 {[%clk 00:35:51] [%emt 00:08:19]} 18.
Qd1 {[%clk 00:50:00] [%emt 00:05:15]} Red8 {[%clk 00:23:27] [%emt 00:12:54]} 19.
Bh2 {[%clk 00:46:15] [%emt 00:04:15]} Nf6 {[%clk 00:16:38] [%emt 00:07:19]} 20.
b3 {[%clk 00:40:39] [%emt 00:06:05]} Ne4 {[%clk 00:14:19] [%emt 00:02:48]} 21.
Rc2 {[%clk 00:40:20] [%emt 00:00:49]} Nd7 {[%clk 00:10:24] [%emt 00:04:25]} 22.
Rbc1 {[%clk 00:39:01] [%emt 00:01:49]} c5 {[%clk 00:05:08] [%emt 00:05:45]} 23.
dxc5 {[%clk 00:37:57] [%emt 00:01:34]} Ndxc5 {[%clk 00:04:42] [%emt 00:00:57]}
24. Nfd4 {[%clk 00:38:21] [%emt 00:00:06]} Bh4 {[%clk 00:02:58] [%emt 00:02:14]}
25. Nf4 {[%clk 00:35:29] [%emt 00:03:23]} Nxd3 {[%clk 00:02:57] [%emt 00:00:30]}
26. Nxd3 {[%clk 00:35:55] [%emt 00:00:04]} Nc3 {[%clk 00:02:42] [%emt 00:00:45]}
27. Qf3 {[%clk 00:35:14] [%emt 00:01:11]} Be7 {[%clk 00:01:51] [%emt 00:01:22]}
28. Be5 {[%clk 00:34:38] [%emt 00:01:06]} Bd7 {[%clk 00:00:41] [%emt 00:01:40]}
29. Nf4 {[%clk 00:34:15] [%emt 00:00:53]} Rc5 {[%clk 00:00:40] [%emt 00:00:31]}
30. Nd3 {[%clk 00:26:34] [%emt 00:08:11]} Rcc8 {[%clk 00:01:05] [%emt 00:00:05]}
31. Ne2 {[%clk 00:26:43] [%emt 00:00:20]} Qa6 {[%clk 00:00:50] [%emt 00:00:45]}
32. Bxc3 {[%clk 00:25:16] [%emt 00:01:58]} Qxd3 {[%clk 00:00:37] [%emt
00:00:43]} 33. Nf4 {[%clk 00:25:11] [%emt 00:00:34]} Qf5 {[%clk 00:00:38] [%emt
00:00:29]} 34. g4 {[%clk 00:22:32] [%emt 00:03:08]} Qe4 {[%clk 00:00:40] [%emt
00:00:29]} 35. Qxe4 {[%clk 00:23:01] [%emt 00:00:01]} dxe4 {[%clk 00:01:05]
[%emt 00:00:05]} 36. Bd4 {[%clk 00:22:39] [%emt 00:00:53]} Bd6 {[%clk 00:00:46]
[%emt 00:00:49]} 37. Bb6 {[%clk 00:21:41] [%emt 00:01:28]} Rxc2 {[%clk 00:00:40]
[%emt 00:00:36]} 38. Rxc2 {[%clk 00:22:10] [%emt 00:00:01]} Rb8 {[%clk 00:00:35]
[%emt 00:00:34]} 39. Bxa5 {[%clk 00:22:04] [%emt 00:00:36]} Bxf4 {[%clk
00:00:41] [%emt 00:00:24]} 40. exf4 {[%clk 00:22:29] [%emt 00:00:05]} Be6 {[%clk
00:01:07] [%emt 00:00:04]} 41. Rb2 {[%clk 00:22:32] [%emt 00:00:27]} f5 {[%clk
00:01:00] [%emt 00:00:37]} 42. gxf5 {[%clk 00:17:30] [%emt 00:05:33]} 1/2-1/2

[Site "Europe Echecs"]

[Event "Grand Swiss "]
[Date "2025.09.08"]
[White "Gelfand, Boris"]
[Black "Henriquez Villagra, Cristobal"]
[WhiteElo "2652"]
[BlackElo "2594"]
[Round "5.5.30"]
[Result "1/2-1/2"]

1. d4 {[%clk 01:40:59]} Nf6 {[%clk 01:40:49] [%emt 00:00:12]} 2. c4 {[%clk
01:41:26] [%emt 00:00:03]} e6 {[%clk 01:41:14] [%emt 00:00:05]} 3. Nf3 {[%clk
01:41:52] [%emt 00:00:04]} d5 {[%clk 01:41:39] [%emt 00:00:05]} 4. g3 {[%clk
01:42:19] [%emt 00:00:03]} Bb4+ {[%clk 01:42:04] [%emt 00:00:05]} 5. Bd2 {[%clk
01:42:46] [%emt 00:00:03]} Be7 {[%clk 01:42:27] [%emt 00:00:06]} 6. Bg2 {[%clk
01:43:12] [%emt 00:00:04]} c6 {[%clk 01:41:35] [%emt 00:01:22]} 7. Qc2 {[%clk
01:42:11] [%emt 00:01:31]} Nbd7 {[%clk 01:42:00] [%emt 00:00:05]} 8. O-O {[%clk
01:41:49] [%emt 00:00:53]} O-O {[%clk 01:41:56] [%emt 00:00:33]} 9. b4 {[%clk
01:40:37] [%emt 00:01:42]} Ne4 {[%clk 01:41:44] [%emt 00:00:42]} 10. Be1 {[%clk
01:40:28] [%emt 00:00:39]} b6 {[%clk 01:40:47] [%emt 00:01:28]} 11. a4 {[%clk
01:40:33] [%emt 00:00:25]} a5 {[%clk 01:41:05] [%emt 00:00:12]} 12. bxa5 {[%clk
01:40:00] [%emt 00:01:03]} bxa5 {[%clk 01:41:10] [%emt 00:00:24]} 13. Nc3 {[%clk
01:38:11] [%emt 00:02:19]} Nd6 {[%clk 01:39:02] [%emt 00:02:38]} 14. c5 {[%clk
01:35:39] [%emt 00:03:03]} Nc4 {[%clk 01:36:44] [%emt 00:02:48]} 15. e4 {[%clk
01:34:44] [%emt 00:01:26]} Ba6 {[%clk 01:29:23] [%emt 00:07:51]} 16. Ne2 {[%clk
01:33:57] [%emt 00:01:17]} Nf6 {[%clk 01:19:18] [%emt 00:10:34]} 17. e5 {[%clk
01:33:34] [%emt 00:00:53]} Ne4 {[%clk 01:19:44] [%emt 00:00:04]} 18. Bc3 {[%clk
01:29:17] [%emt 00:04:48]} Qc7 {[%clk 01:13:06] [%emt 00:07:07]} 19. Rfb1 {[%clk
01:06:22] [%emt 00:23:25]} Rab8 {[%clk 01:00:16] [%emt 00:13:20]} 20. Be1 {[%clk
01:05:04] [%emt 00:01:48]} Rxb1 {[%clk 00:56:06] [%emt 00:04:41]} 21. Qxb1
{[%clk 01:04:19] [%emt 00:01:16]} Rb8 {[%clk 00:56:30] [%emt 00:00:05]} 22. Qc1
{[%clk 01:01:18] [%emt 00:03:30]} Rb2 {[%clk 00:47:48] [%emt 00:09:13]} 23. Nc3
{[%clk 01:00:29] [%emt 00:01:20]} Qb7 {[%clk 00:43:29] [%emt 00:04:49]} 24. h4
{[%clk 00:50:55] [%emt 00:10:04]} Qb3 {[%clk 00:28:48] [%emt 00:15:11]} 25. Nxe4
{[%clk 00:50:18] [%emt 00:01:07]} dxe4 {[%clk 00:29:14] [%emt 00:00:03]} 26. Nd2
{[%clk 00:50:45] [%emt 00:00:03]} Nxd2 {[%clk 00:28:43] [%emt 00:01:01]} 27.
Bxd2 {[%clk 00:50:58] [%emt 00:00:18]} Bd3 {[%clk 00:26:43] [%emt 00:02:30]} 28.
Bxa5 {[%clk 00:48:25] [%emt 00:03:03]} Ra2 {[%clk 00:26:42] [%emt 00:00:30]} 29.
Rxa2 {[%clk 00:40:33] [%emt 00:08:22]} Qxa2 {[%clk 00:27:08] [%emt 00:00:04]}
30. Bc7 {[%clk 00:37:43] [%emt 00:03:20]} Qxa4 {[%clk 00:27:22] [%emt 00:00:16]}
1/2-1/2

[Site "Europe Echecs"]

[Event "Grand Swiss "]
[Date "2025.09.08"]
[White "Matlakov, Maxim"]
[Black "Bjerre, Jonas Buhl"]
[WhiteElo "2609"]
[BlackElo "2651"]
[Round "5.5.31"]
[Result "1/2-1/2"]

1. e4 {[%clk 01:40:52] [%emt 00:00:07]} c5 {[%clk 01:40:52] [%emt 00:00:08]} 2.
Nf3 {[%clk 01:41:10] [%emt 00:00:12]} d6 {[%clk 01:41:14] [%emt 00:00:08]} 3.
Bb5+ {[%clk 01:41:28] [%emt 00:00:12]} Bd7 {[%clk 01:41:30] [%emt 00:00:13]} 4.
c4 {[%clk 01:39:54] [%emt 00:02:06]} g6 {[%clk 01:41:06] [%emt 00:00:54]} 5.
Bxd7+ {[%clk 01:34:51] [%emt 00:05:33]} Nxd7 {[%clk 01:41:17] [%emt 00:00:18]}
6. Nc3 {[%clk 01:33:05] [%emt 00:02:16]} Bg7 {[%clk 01:39:48] [%emt 00:01:59]}
7. d3 {[%clk 01:30:53] [%emt 00:02:42]} Ngf6 {[%clk 01:38:40] [%emt 00:01:38]}
8. h3 {[%clk 01:28:40] [%emt 00:02:44]} Ne5 {[%clk 01:36:00] [%emt 00:03:10]} 9.
Nxe5 {[%clk 01:27:21] [%emt 00:01:49]} dxe5 {[%clk 01:36:22] [%emt 00:00:07]}
10. Be3 {[%clk 01:27:40] [%emt 00:00:12]} Nd7 {[%clk 01:32:54] [%emt 00:03:58]}
11. Qd2 {[%clk 01:20:57] [%emt 00:07:13]} h6 {[%clk 01:28:46] [%emt 00:04:38]}
12. a3 {[%clk 01:18:25] [%emt 00:03:02]} b6 {[%clk 01:25:58] [%emt 00:03:18]}
13. b4 {[%clk 01:12:28] [%emt 00:06:27]} f5 {[%clk 01:20:53] [%emt 00:05:35]}
14. f3 {[%clk 01:05:57] [%emt 00:07:02]} f4 {[%clk 01:18:07] [%emt 00:03:15]}
15. Bf2 {[%clk 01:06:16] [%emt 00:00:11]} O-O {[%clk 01:16:55] [%emt 00:01:42]}
16. Rb1 {[%clk 01:04:11] [%emt 00:02:36]} e6 {[%clk 01:01:46] [%emt 00:15:38]}
17. Na4 {[%clk 00:54:52] [%emt 00:09:49]} Qc7 {[%clk 00:56:21] [%emt 00:05:55]}
18. bxc5 {[%clk 00:50:44] [%emt 00:04:38]} bxc5 {[%clk 00:56:16] [%emt
00:00:34]} 19. Ke2 {[%clk 00:44:49] [%emt 00:06:26]} Rfb8 {[%clk 00:47:43] [%emt
00:09:03]} 20. Rb5 {[%clk 00:37:11] [%emt 00:08:09]} a6 {[%clk 00:45:00] [%emt
00:03:12]} 21. Rbb1 {[%clk 00:33:42] [%emt 00:03:59]} Bf8 {[%clk 00:40:56] [%emt
00:04:34]} 22. Rhc1 {[%clk 00:32:18] [%emt 00:01:53]} Kf7 {[%clk 00:38:21] [%emt
00:03:05]} 23. Qe1 {[%clk 00:30:20] [%emt 00:02:29]} Qc6 {[%clk 00:32:34] [%emt
00:06:17]} 24. Qa5 {[%clk 00:25:28] [%emt 00:05:22]} Bd6 {[%clk 00:30:18] [%emt
00:02:46]} 25. Nc3 {[%clk 00:25:38] [%emt 00:00:20]} Bc7 {[%clk 00:26:57] [%emt
00:03:51]} 26. Qa4 {[%clk 00:25:50] [%emt 00:00:18]} Qxa4 {[%clk 00:27:10] [%emt
00:00:17]} 27. Nxa4 {[%clk 00:26:15] [%emt 00:00:05]} Bd6 {[%clk 00:27:33] [%emt
00:00:07]} 28. h4 {[%clk 00:22:33] [%emt 00:04:12]} Ke7 {[%clk 00:24:38] [%emt
00:03:25]} 29. Rg1 {[%clk 00:21:06] [%emt 00:01:57]} Kf7 {[%clk 00:21:33] [%emt
00:03:35]} 30. Kd2 {[%clk 00:21:17] [%emt 00:00:19]} Ke7 {[%clk 00:19:30] [%emt
00:02:32]} 31. Kc2 {[%clk 00:20:55] [%emt 00:00:53]} Kf7 {[%clk 00:16:50] [%emt
00:03:10]} 32. Kd2 {[%clk 00:04:28] [%emt 00:16:58]} 1/2-1/2

[Site "Europe Echecs"]

[Event "Grand Swiss "]
[Date "2025.09.08"]
[White "Mamedov, Rauf"]
[Black "Moussard, Jules"]
[WhiteElo "2651"]
[BlackElo "2591"]
[Round "5.5.32"]
[Result "1-0"]

1. e4 {[%clk 01:40:55] [%emt 00:00:04]} e5 {[%clk 01:40:55] [%emt 00:00:06]} 2.
Nf3 {[%clk 01:41:22] [%emt 00:00:03]} Nf6 {[%clk 01:41:19] [%emt 00:00:06]} 3.
Nxe5 {[%clk 01:41:48] [%emt 00:00:04]} d6 {[%clk 01:41:42] [%emt 00:00:07]} 4.
Nf3 {[%clk 01:42:15] [%emt 00:00:03]} Nxe4 {[%clk 01:42:06] [%emt 00:00:06]} 5.
Nc3 {[%clk 01:42:42] [%emt 00:00:03]} Nxc3 {[%clk 01:42:28] [%emt 00:00:08]} 6.
dxc3 {[%clk 01:43:08] [%emt 00:00:04]} Be7 {[%clk 01:42:48] [%emt 00:00:09]} 7.
Bf4 {[%clk 01:43:35] [%emt 00:00:04]} O-O {[%clk 01:42:25] [%emt 00:00:53]} 8.
Qd2 {[%clk 01:44:02] [%emt 00:00:03]} Nd7 {[%clk 01:42:17] [%emt 00:00:36]} 9.
O-O-O {[%clk 01:43:46] [%emt 00:00:47]} Re8 {[%clk 01:41:41] [%emt 00:01:06]}
10. Bc4 {[%clk 01:43:39] [%emt 00:00:37]} Nb6 {[%clk 01:40:41] [%emt 00:01:31]}
11. Bd3 {[%clk 01:43:59] [%emt 00:00:09]} Bg4 {[%clk 01:38:34] [%emt 00:02:37]}
12. h4 {[%clk 01:34:48] [%emt 00:09:41]} d5 {[%clk 01:27:48] [%emt 00:11:16]}
13. Rde1 {[%clk 01:14:15] [%emt 00:21:04]} c5 {[%clk 00:59:58] [%emt 00:28:19]}
14. Ng5 {[%clk 01:01:09] [%emt 00:13:37]} h6 {[%clk 00:58:40] [%emt 00:01:48]}
15. f3 {[%clk 00:52:44] [%emt 00:08:55]} Bd7 {[%clk 00:57:24] [%emt 00:01:42]}
16. g4 {[%clk 00:38:05] [%emt 00:15:13]} Bc6 {[%clk 00:51:07] [%emt 00:06:47]}
17. Bh7+ {[%clk 00:35:03] [%emt 00:03:31]} Kf8 {[%clk 00:50:17] [%emt 00:01:20]}
18. Nxf7 {[%clk 00:35:27] [%emt 00:00:07]} Kxf7 {[%clk 00:49:13] [%emt
00:01:34]} 19. Qd3 {[%clk 00:35:49] [%emt 00:00:08]} Qd7 {[%clk 00:41:32] [%emt
00:08:12]} 20. Qg6+ {[%clk 00:26:08] [%emt 00:10:10]} Kf8 {[%clk 00:41:46] [%emt
00:00:16]} 21. Re6 {[%clk 00:26:32] [%emt 00:00:06]} Bg5 {[%clk 00:33:51] [%emt
00:08:25]} 22. Rxe8+ {[%clk 00:25:17] [%emt 00:01:44]} Qxe8 {[%clk 00:33:33]
[%emt 00:00:49]} 23. hxg5 {[%clk 00:25:38] [%emt 00:00:09]} Qxg6 {[%clk
00:33:24] [%emt 00:00:38]} 24. Bxg6 {[%clk 00:26:04] [%emt 00:00:04]} hxg5
{[%clk 00:33:34] [%emt 00:00:21]} 25. Rh8+ {[%clk 00:22:50] [%emt 00:03:44]} Ke7
{[%clk 00:33:35] [%emt 00:00:28]} 26. Bxg5+ {[%clk 00:23:17] [%emt 00:00:04]}
Ke6 {[%clk 00:33:45] [%emt 00:00:20]} 27. Rh7 {[%clk 00:23:41] [%emt 00:00:06]}
Rg8 {[%clk 00:33:46] [%emt 00:00:29]} 28. f4 {[%clk 00:24:06] [%emt 00:00:05]}
Nd7 {[%clk 00:32:03] [%emt 00:02:13]} 29. f5+ {[%clk 00:22:01] [%emt 00:02:35]}
Ke5 {[%clk 00:32:27] [%emt 00:00:05]} 30. Bf7 {[%clk 00:22:26] [%emt 00:00:05]}
Rf8 {[%clk 00:32:53] [%emt 00:00:04]} 31. Rxg7 {[%clk 00:22:13] [%emt 00:00:43]}
Nf6 {[%clk 00:33:19] [%emt 00:00:04]} 32. Be6 {[%clk 00:13:47] [%emt 00:08:57]}
Rh8 {[%clk 00:32:24] [%emt 00:01:25]} 33. Bxf6+ {[%clk 00:09:41] [%emt
00:04:36]} Kxf6 {[%clk 00:32:53] [%emt 00:00:01]} 34. Rf7+ {[%clk 00:10:02]
[%emt 00:00:09]} Ke5 {[%clk 00:31:37] [%emt 00:01:46]} 35. b3 {[%clk 00:09:39]
[%emt 00:00:53]} Rh1+ {[%clk 00:32:02] [%emt 00:00:04]} 36. Kb2 {[%clk 00:10:06]
[%emt 00:00:04]} Rg1 {[%clk 00:32:29] [%emt 00:00:03]} 37. Bc8 {[%clk 00:09:05]
[%emt 00:01:31]} Rxg4 {[%clk 00:30:05] [%emt 00:02:54]} 38. Bxb7 {[%clk
00:09:18] [%emt 00:00:17]} Bxb7 {[%clk 00:29:24] [%emt 00:01:12]} 39. Rxb7
{[%clk 00:09:44] [%emt 00:00:04]} d4 {[%clk 00:29:49] [%emt 00:00:04]} 40. Rxa7
{[%clk 00:09:21] [%emt 00:00:54]} Rg2 {[%clk 00:28:36] [%emt 00:01:42]} 41. Rd7
{[%clk 00:09:37] [%emt 00:00:14]} 1-0

[Site "Europe Echecs"]

[Event "Grand Swiss "]
[Date "2025.09.08"]
[White "Samunenkov, Ihor"]
[Black "Indjic, Aleksandar"]
[WhiteElo "2550"]
[BlackElo "2650"]
[Round "5.5.33"]
[Result "1-0"]

1. e4 {[%clk 01:40:54] [%emt 00:00:05]} c5 {[%clk 01:40:41] [%emt 00:00:19]} 2.
Nf3 {[%clk 01:41:15] [%emt 00:00:10]} d6 {[%clk 01:41:05] [%emt 00:00:05]} 3.
Bb5+ {[%clk 01:41:39] [%emt 00:00:07]} Bd7 {[%clk 01:33:17] [%emt 00:08:18]} 4.
Bxd7+ {[%clk 01:41:54] [%emt 00:00:14]} Qxd7 {[%clk 01:33:39] [%emt 00:00:08]}
5. O-O {[%clk 01:42:15] [%emt 00:00:09]} Nc6 {[%clk 01:33:59] [%emt 00:00:10]}
6. c3 {[%clk 01:42:20] [%emt 00:00:25]} d5 {[%clk 01:34:12] [%emt 00:00:18]} 7.
exd5 {[%clk 01:42:42] [%emt 00:00:08]} Qxd5 {[%clk 01:34:37] [%emt 00:00:05]} 8.
d4 {[%clk 01:43:04] [%emt 00:00:07]} e6 {[%clk 01:34:54] [%emt 00:00:14]} 9. Be3
{[%clk 01:40:51] [%emt 00:02:43]} cxd4 {[%clk 01:28:10] [%emt 00:07:14]} 10.
Nxd4 {[%clk 01:41:12] [%emt 00:00:09]} Nf6 {[%clk 01:28:37] [%emt 00:00:03]} 11.
Nd2 {[%clk 01:39:02] [%emt 00:02:40]} Be7 {[%clk 01:27:46] [%emt 00:01:21]} 12.
Qa4 {[%clk 01:39:19] [%emt 00:00:13]} O-O {[%clk 01:23:51] [%emt 00:04:24]} 13.
Nxc6 {[%clk 01:39:36] [%emt 00:00:14]} bxc6 {[%clk 01:20:38] [%emt 00:03:43]}
14. Nf3 {[%clk 01:39:39] [%emt 00:00:26]} c5 {[%clk 01:20:14] [%emt 00:00:54]}
15. Rfd1 {[%clk 01:21:31] [%emt 00:18:38]} Qb7 {[%clk 01:20:21] [%emt 00:00:23]}
16. Rd2 {[%clk 01:21:26] [%emt 00:00:34]} Rfd8 {[%clk 01:18:41] [%emt 00:02:11]}
17. Rad1 {[%clk 01:20:00] [%emt 00:01:56]} Rd5 {[%clk 01:18:42] [%emt 00:00:29]}
18. h3 {[%clk 01:13:35] [%emt 00:06:55]} h6 {[%clk 01:17:22] [%emt 00:01:50]}
19. c4 {[%clk 01:13:09] [%emt 00:00:57]} Rxd2 {[%clk 01:17:45] [%emt 00:00:07]}
20. Rxd2 {[%clk 01:13:32] [%emt 00:00:07]} Qc7 {[%clk 01:15:10] [%emt 00:03:04]}
21. Qd1 {[%clk 01:01:10] [%emt 00:12:52]} a5 {[%clk 00:49:21] [%emt 00:26:20]}
22. Rd3 {[%clk 00:43:27] [%emt 00:18:13]} e5 {[%clk 00:46:19] [%emt 00:03:32]}
23. Nd2 {[%clk 00:39:35] [%emt 00:04:21]} e4 {[%clk 00:46:32] [%emt 00:00:15]}
24. Rb3 {[%clk 00:39:45] [%emt 00:00:22]} Qe5 {[%clk 00:43:41] [%emt 00:03:21]}
25. Rb5 {[%clk 00:39:50] [%emt 00:00:26]} a4 {[%clk 00:42:11] [%emt 00:02:00]}
26. a3 {[%clk 00:36:12] [%emt 00:04:07]} h5 {[%clk 00:37:58] [%emt 00:04:43]}
27. Nf1 {[%clk 00:33:09] [%emt 00:03:33]} h4 {[%clk 00:37:58] [%emt 00:00:31]}
28. Rb7 {[%clk 00:18:25] [%emt 00:15:14]} g6 {[%clk 00:28:31] [%emt 00:09:57]}
29. Bd2 {[%clk 00:17:36] [%emt 00:01:18]} Qd6 {[%clk 00:14:32] [%emt 00:14:29]}
30. Qe1 {[%clk 00:15:26] [%emt 00:02:39]} Bd8 {[%clk 00:11:32] [%emt 00:03:32]}
31. Bc3 {[%clk 00:13:04] [%emt 00:02:51]} Qc6 {[%clk 00:06:47] [%emt 00:05:15]}
32. Rb5 {[%clk 00:11:34] [%emt 00:02:01]} Rc8 {[%clk 00:05:40] [%emt 00:01:37]}
33. Ne3 {[%clk 00:09:34] [%emt 00:02:29]} Qd6 {[%clk 00:05:04] [%emt 00:01:06]}
34. Qd2 {[%clk 00:06:56] [%emt 00:03:07]} Qxd2 {[%clk 00:03:27] [%emt 00:02:08]}
35. Bxd2 {[%clk 00:07:21] [%emt 00:00:06]} Ne8 {[%clk 00:03:54] [%emt 00:00:03]}
36. Rb7 {[%clk 00:07:36] [%emt 00:00:15]} Kf8 {[%clk 00:02:52] [%emt 00:01:32]}
37. Kf1 {[%clk 00:03:48] [%emt 00:04:17]} Bg5 {[%clk 00:02:04] [%emt 00:01:18]}
38. Rb6 {[%clk 00:01:29] [%emt 00:02:49]} Ng7 {[%clk 00:00:55] [%emt 00:01:40]}
39. Ke1 {[%clk 00:01:00] [%emt 00:00:59]} Bxe3 {[%clk 00:00:34] [%emt 00:00:51]}
40. Bxe3 {[%clk 00:00:54] [%emt 00:00:36]} Nf5 {[%clk 00:01:03] [%emt 00:00:01]}
41. Bg5 {[%clk 00:41:31] [%emt 00:09:52]} Ke8 {[%clk 00:51:03] [%emt 00:00:30]}
42. Ra6 {[%clk 00:36:22] [%emt 00:05:39]} Rb8 {[%clk 00:42:23] [%emt 00:09:10]}
43. Bc1 {[%clk 00:36:21] [%emt 00:00:31]} Kd7 {[%clk 00:42:04] [%emt 00:00:50]}
44. Rxa4 {[%clk 00:35:03] [%emt 00:01:48]} Nd4 {[%clk 00:38:57] [%emt 00:03:37]}
45. Ra7+ {[%clk 00:28:23] [%emt 00:07:10]} Ke6 {[%clk 00:39:11] [%emt 00:00:16]}
46. Rc7 {[%clk 00:28:37] [%emt 00:00:15]} g5 {[%clk 00:35:38] [%emt 00:04:03]}
47. Bxg5 {[%clk 00:19:35] [%emt 00:09:32]} Rxb2 {[%clk 00:36:05] [%emt
00:00:04]} 48. Re7+ {[%clk 00:19:43] [%emt 00:00:22]} Kf5 {[%clk 00:34:06] [%emt
00:02:29]} 49. Bxh4 {[%clk 00:20:01] [%emt 00:00:11]} Rb1+ {[%clk 00:32:44]
[%emt 00:01:53]} 50. Kd2 {[%clk 00:20:24] [%emt 00:00:06]} Rb2+ {[%clk 00:33:09]
[%emt 00:00:05]} 51. Kc1 {[%clk 00:20:39] [%emt 00:00:16]} Rc2+ {[%clk 00:33:35]
[%emt 00:00:04]} 52. Kb1 {[%clk 00:19:19] [%emt 00:01:49]} Rxc4 {[%clk 00:33:59]
[%emt 00:00:06]} 53. Rxf7+ {[%clk 00:19:43] [%emt 00:00:06]} Ke6 {[%clk
00:34:12] [%emt 00:00:17]} 54. Re7+ {[%clk 00:19:12] [%emt 00:01:01]} Kd5 {[%clk
00:34:35] [%emt 00:00:07]} 55. Bf6 {[%clk 00:19:35] [%emt 00:00:07]} Rc3 {[%clk
00:32:41] [%emt 00:02:24]} 56. Re5+ {[%clk 00:12:06] [%emt 00:07:59]} Kc4 {[%clk
00:32:07] [%emt 00:01:05]} 57. Be7 {[%clk 00:12:29] [%emt 00:00:07]} Rb3+ {[%clk
00:26:18] [%emt 00:06:19]} 58. Ka2 {[%clk 00:09:27] [%emt 00:03:31]} Rb5 {[%clk
00:25:41] [%emt 00:01:07]} 59. a4 {[%clk 00:04:44] [%emt 00:05:14]} Ra5 {[%clk
00:22:05] [%emt 00:04:06]} 60. Ka3 {[%clk 00:04:31] [%emt 00:00:42]} e3 {[%clk
00:09:20] [%emt 00:13:16]} 61. fxe3 {[%clk 00:02:21] [%emt 00:02:39]} Nb5+
{[%clk 00:09:41] [%emt 00:00:09]} 62. Kb2 {[%clk 00:02:36] [%emt 00:00:15]} Nc3
{[%clk 00:10:06] [%emt 00:00:06]} 63. Kc2 {[%clk 00:01:40] [%emt 00:01:25]} Nxa4
{[%clk 00:10:32] [%emt 00:00:05]} 64. h4 {[%clk 00:12:03] [%emt 00:05:06]} Nb6
{[%clk 00:25:31] [%emt 00:00:31]} 65. Bd8 {[%clk 00:11:57] [%emt 00:00:36]} Ra2+
{[%clk 00:24:46] [%emt 00:01:16]} 66. Kb1 {[%clk 00:11:51] [%emt 00:00:35]} Ra3
{[%clk 00:24:41] [%emt 00:00:35]} 67. Bxb6 {[%clk 00:07:18] [%emt 00:05:03]}
Rb3+ {[%clk 00:24:38] [%emt 00:00:34]} 68. Kc2 {[%clk 00:07:43] [%emt 00:00:04]}
Rxb6 {[%clk 00:25:03] [%emt 00:00:05]} 69. h5 {[%clk 00:06:42] [%emt 00:01:31]}
Ra6 {[%clk 00:25:23] [%emt 00:00:11]} 70. Re4+ {[%clk 00:07:07] [%emt 00:00:04]}
Kd5 {[%clk 00:25:47] [%emt 00:00:07]} 71. Rh4 {[%clk 00:07:09] [%emt 00:00:27]}
Ra2+ {[%clk 00:26:03] [%emt 00:00:14]} 72. Kb3 {[%clk 00:07:13] [%emt 00:00:27]}
Rxg2 {[%clk 00:24:55] [%emt 00:01:38]} 73. h6 {[%clk 00:07:37] [%emt 00:00:06]}
1-0

[Site "Europe Echecs"]